| 000 | 00462nam a2200145Ia 4500 | ||
|---|---|---|---|
| 008 | 230917s9999||||xx |||||||||||||| ||und|| | ||
| 040 |
_e170718 _aMAIN |
||
| 041 | _aEnglish | ||
| 082 | _a891.43301731 SM64E | ||
| 100 | _aसिन्हा, मृदुला | ||
| 245 | 0 | _aएक दीय की दीवाली | |
| 260 |
_aनई दिल्ली _bप्रतिभा प्रतिष्ठान _c1996 |
||
| 300 | _a168 पृ. p. | ||
| 942 | _cHN | ||
| 999 |
_c96991 _d96991 |
||